| 000 | 00575nam a2200229Ia 4500 | ||
|---|---|---|---|
| 003 | OSt | ||
| 005 | 20220924151708.0 | ||
| 006 | a|||||r|||| 00| 0 | ||
| 007 | ta | ||
| 008 | 220923b |||||||| |||| 00| 0 tel d | ||
| 024 | _a338712 | ||
| 037 | _cTextual | ||
| 040 |
_aARTS _cARTS _btel |
||
| 041 |
_2tel _atel |
||
| 082 | _aR66x:5x1,1,61, 35G7 | ||
| 100 |
_aShankara _9204714 |
||
| 245 | 0 | _aBrhama sutra bhashyame | |
| 260 | _c1937 | ||
| 650 | _aPHILOSOPHY | ||
| 942 |
_hR66x:5x1,1,61, 35G7 _cTEXL _2CC |
||
| 999 |
_c467420 _d467420 |
||